Sociedad, cultura y el nuevo orden internacional: las alternativas de América Latina /
সংরক্ষণ করুন:
| প্রধান লেখক: | |
|---|---|
| বিন্যাস: | পাঠ্য |
| ট্যাগগুলো: |
ট্যাগ যুক্ত করুন
কোনো ট্যাগ নেই, প্রথমজন হিসাবে ট্যাগ করুন!
|
MARC
| LEADER | 00000 a a2200000 04500 | ||
|---|---|---|---|
| 001 | 16452 | ||
| 003 | |||
| 040 | |||
| 100 | |a Pérez Hernández, Rafael | ||
| 245 | |a Sociedad, cultura y el nuevo orden internacional: las alternativas de América Latina / |c Rafael Pérez Hernández | ||
| 773 | |g número 40 -41; páginas 99-120 | ||
| 999 | |c 24524 |d 24524 | ||
